| 000 | 01432nam a22003737a 4500 | ||
|---|---|---|---|
| 003 | CHAP | ||
| 005 | 20220329135403.0 | ||
| 008 | 971013s1977 r 00010 d | ||
| 010 | _a35493 | ||
| 011 | _a36465 | ||
| 035 | _a40584 | ||
| 040 | _cCHAP | ||
| 082 |
_a631.45 _bM48i |
||
| 110 |
_aMéxico. Secretaría de Agricultura y Recursos Hidráulicos. Colegio de Postgraduados _977121 |
||
| 245 |
_aManual de conservación del suelo y del agua _b: instructivo |
||
| 260 |
_aChapingo, Méx. : _bs.e., _c1977 |
||
| 300 |
_a248 p. _b: ilus. ; gráfs. ; mapa |
||
| 590 |
_aBATCH-UPD _b10 _c20130110 _lUCH01 _h2005 |
||
| 590 |
_aBATCH-UPD _b10 _c20130410 _lUCH01 _h1325 |
||
| 590 |
_aBATCH-UPD _b10 _c20130914 _lUCH01 _h1316 |
||
| 590 |
_aCONVERSION _b10 _c20130109 _lUCH01 _h1320 |
||
| 650 | 1 | 4 |
_aAgua _xConservacion. _92319 |
| 650 | 1 | 4 |
_aErosión. _937335 |
| 650 | 1 | 4 |
_aEscurrimiento. _937675 |
| 650 | 1 | 4 |
_aSuelos _xConservación. _9110283 |
| 901 | _aBK | ||
| 942 | _cLIBRO | ||
| 949 |
_a631.45 M48i _bBC _cLIBRO _d-92770 _eLIBRO _h45055 _i40584 _mD _si |
||
| 949 |
_a631.45 M48i _bBC _cLIBRO _d-92772 _eLIBRO _fc.2 _h46073 _i40584 _mD _si |
||
| 949 |
_a631.45 M48i _bBC _cLIBRO _d-92773 _eLIBRO _fc.3 _h46074 _i40584 _mD _si |
||
| 949 |
_a631.45 M48i _bBC _cLIBRO _d-92778 _eLIBRO _fc.5 _h46076 _i40584 _mD _si |
||
| 949 |
_a631.45 M48i _bBC _cLIBRO _d-92779 _eLIBRO _fc.6 _h46077 _i40584 _mD _si |
||
| 949 |
_a631.45 M48i _bBC _cUACH _d-92776 _eUACH _fc.4 _h46075 _i40584 _mD _si |
||
| 999 |
_c35493 _d35493 |
||